000 00587nam a22001697a 4500
003 NUST
038 _aNusrat Nadeem
082 _a200
100 _aAnsari, Fahad
_9125076
245 _aComparing the Effects of Individual and Team Participation in Gamified Lessons on Assessment Performance/
_cFahad Ansari,
264 _aIslamabad;
_bSEECS NUST;
_c2024.
300 _a70,p;
_bill;
_c30,cm.
650 _aMS-Information Technology
_926924
700 _aSupervisor: Dr. Tahira Anwar Lashari
_996746
856 _u http://10.250.8.41:8080/xmlui/handle/123456789/45258
942 _2ddc
_cSC
999 _c610834
_d610834